Zdokonaľovanie skladovania a manipulácie s vysokoobrátkovými komponentmi vo vybranom podniku diplomová práca

Na minha lista:
Detalhes bibliográficos
Autor principal: Kozinová, Kamila
Autor Corporativo: Fakulta podnikového manažmentu EU. Katedra manažmentu výroby a logistiky - zrušená
Outros Autores: Rakovská, Júlia, 1972-
Formato: Livro
Idioma:eslovaco
Publicado em: Bratislava 2021
Tags: Adicionar Tag
Sem tags, seja o primeiro a adicionar uma tag!

MARC

LEADER 00000nbm a2200000 4500
001 0275863
005 20211125131708.0
041 0 |a slo 
044 |a SK 
245 1 0 |a Zdokonaľovanie skladovania a manipulácie s vysokoobrátkovými komponentmi vo vybranom podniku  |b diplomová práca  |c Kamila Kozinová ; školiteľ: Júlia Rakovská 
264 1 |a Bratislava  |c 2021 
300 |a 88 s. 
100 1 |a Kozinová, Kamila 
700 1 |a Rakovská, Júlia, 1972- 
710 2 |a Fakulta podnikového manažmentu EU. Katedra manažmentu výroby a logistiky - zrušená